Statistics for The Strokes Lyrics - Call It Fate, Call It Karma

Click here to take the quiz!

General Stats

  • This quiz has been taken 14 times
  • The average score is 110 of 144

Answer Stats

Lyrics% Correct
a
100%
I
100%
So
100%
the
100%
understand
100%
You
100%
you?
100%
you
100%
And
90%
Close
90%
don't
90%
door
90%
know
90%
of
90%
remember
90%
some
90%
thing
90%
way
90%
all
80%
Can
80%
for
80%
He
80%
me
80%
Not
80%
stand
80%
us
80%
We
80%
around
70%
in
70%
I've
70%
just
70%
on
70%
out
70%
remind
70%
run
70%
time
70%
wait
70%
while?
70%
your
70%
light
60%
place
60%
to
60%
waited
60%
watchin'
60%
watching
60%
here
50%
it
50%
now,
50%
sidewalk?
50%
wanted
50%
waste
50%
down
40%
face
40%
got
40%
hard
40%
room
40%
someone
40%
wanna
40%
Having
30%
needed
30%

Score Distribution

Percentile by Number Answered

Percent of People with Each Score

Your Score History

You have not taken this quiz